The physiology of trematodes / (Record no. 8782)

MARC details
000 -LEADER
fixed length control field 00727cam a2200241 a 4500
001 - CONTROL NUMBER
control field 2332653
003 - CONTROL NUMBER IDENTIFIER
control field OSt
005 - DATE AND TIME OF LATEST TRANSACTION
control field 20240625100811.0
008 - FIXED-LENGTH DATA ELEMENTS--GENERAL INFORMATION
fixed length control field 820719s1983 enka b 001 0 eng
020 ## - INTERNATIONAL STANDARD BOOK NUMBER
International Standard Book Number 0521222834
020 ## - INTERNATIONAL STANDARD BOOK NUMBER
International Standard Book Number 0521294347
040 ## - CATALOGING SOURCE
Original cataloging agency DDC
Transcribing agency MUST
082 00 - DEWEY DECIMAL CLASSIFICATION NUMBER
Classification number 595.1 SMY 1983
Edition number 19
100 1# - MAIN ENTRY--PERSONAL NAME
Personal name Smyth, J. D. Halton, D. W.
9 (RLIN) 17747
245 14 - TITLE STATEMENT
Title The physiology of trematodes /
Statement of responsibility, etc. J.D. Smyth and D.W. Halton.
250 ## - EDITION STATEMENT
Edition statement 2nd ed.
260 ## - PUBLICATION, DISTRIBUTION, ETC. (IMPRINT)
Place of publication, distribution, etc. Cambridge ;
-- New York :
Name of publisher, distributor, etc. Cambridge University Press,
Date of publication, distribution, etc. 1983.
300 ## - PHYSICAL DESCRIPTION
Extent 446 p. :
Other physical details ill. ;
Dimensions 24 cm.
504 ## - BIBLIOGRAPHY, ETC. NOTE
Bibliography, etc Bibliography: Includes index.
650 #0 - SUBJECT ADDED ENTRY--TOPICAL TERM
Topical term or geographic name as entry element Trematoda
General subdivision Physiology.
9 (RLIN) 17748
650 #0 - SUBJECT ADDED ENTRY--TOPICAL TERM
Topical term or geographic name as entry element Platyhelminthes
General subdivision Physiology.
9 (RLIN) 17749
942 ## - ADDED ENTRY ELEMENTS (KOHA)
Source of classification or shelving scheme Dewey Decimal Classification
Koha item type Open Shelf
Holdings
Withdrawn status Lost status Source of classification or shelving scheme Damaged status Not for loan Home library Current library Date acquired Source of acquisition Inventory number Total Checkouts Full call number Barcode Date last seen Price effective from Koha item type
    Dewey Decimal Classification     MUST Main Library MUST Main Library 25/06/2024 Donation 2000/14093   595.1 SMY 1983 2024-21160 25/06/2024 25/06/2024 Open Shelf